000 00239nam a22001217a 4500
999 _c163734
_d163734
020 _a
082 _a
_b
245 _aLaghu paniniyam/
_cby Rajarajavarma A R.
260 _a
_b
_c1990.
300 _a550p.
650 _a
942 _cBK